Early Islam and poetry
Saved in:
| 主要作者: | |
|---|---|
| 格式: | Thesis 圖書 |
| 語言: | English |
| 出版: |
London :
University Microfilms International,
1981.
|
| 主題: | |
| 標簽: |
添加標簽
沒有標簽, 成為第一個標記此記錄!
|
| LEADER | 01361cam a2200349 4500 | ||
|---|---|---|---|
| 001 | u55230 | ||
| 003 | SIRSI | ||
| 008 | 820527r19811954uk mv 0 eng | ||
| 015 | |a Y710188400 | ||
| 035 | |a AAF-9381 | ||
| 040 | |a UMA | ||
| 050 | 0 | |a BP190.5.P6 | |
| 091 | 0 | 0 | |a Microfilm 14 |
| 094 | |a BP190.5 |b P6Kaw | ||
| 100 | 1 | 0 | |a Kawar, Irfan Arif. |
| 245 | 1 | 0 | |a Early Islam and poetry |m [microform] / |c by Irfan Arif Kawar. |
| 260 | |a London : |b University Microfilms International, |c 1981. | ||
| 300 | |a 1 microfilm reel ; |c 35 mm. | ||
| 500 | |a Microreproduction of typescript. 295 leaves | ||
| 500 | |a AIUM | ||
| 502 | |a Thesis (Ph.D.) - Princeton University, 1954 | ||
| 504 | 0 | 0 | |a Bibliography: leaves 291-292 |
| 650 | 0 | |a Islam and poetry | |
| 650 | 0 | |a Arabic poetry |x History and criticism | |
| 984 | |c BP190.5.P6Kaw@300004837 | ||
| 998 | 0 | 0 | |a UMA |
| 948 | |a 16/03/1991 |b 17/09/2001 | ||
| 596 | |a 1 27 | ||
| 999 | |a MIKROFILEM 14 |w LC |c 1 |i A516393003 |d 28/12/2015 |f 28/12/2015 |g 1 |l MIKROFILM |m P01UTAMA |r Y |s Y |t MIKROFILEM |u 28/12/2015 | ||
| 999 | |a MIKROFILEM 14 |w LC |c 1 |i A516550260 |d 13/7/2016 |f 13/7/2016 |g 1 |l MIKROFILM |m P01UTAMA |r Y |s Y |t CD |u 13/7/2016 | ||
| 999 | |a MIKROFILEM 14 |w LC |c 2 |i A516550273 |d 13/7/2016 |f 13/7/2016 |g 1 |l MIKROFILM |m P01UTAMA |r Y |s Y |t CD |u 13/7/2016 | ||
| 999 | |a BP190.5 P6KAW |w LC |c 1 |i A506749924 |l STACKS |m P27BACHOK |r Y |s Y |t TESIS |u 17/9/2001 |o .STAFF. PHOTOCOPY | ||
